| 000 | 01712nam0a22002771 4500 | ||
|---|---|---|---|
| 001 | rc\3387505 | ||
| 005 | 20260407121919.0 | ||
| 021 |
_aRU _b74-70538 |
||
| 021 |
_aRU _bРг10920-74 |
||
| 035 | _a(NLR Aleph) 007455925 | ||
| 090 |
_a7265585 _c7265585 |
||
| 100 | _a20130115d1973 |||y0rusy50 ca | ||
| 101 | 0 | _arus | |
| 102 | _aRU | ||
| 105 | _aa z ||||| | ||
| 200 | 1 |
_aАльбом чертежей сменных деталей _eИндекс 06001 _eНасос шестеренный _fБалт. центр. проектно-конструкт. бюро |
|
| 210 |
_a[Ленинград] _cБ. и. _d1973 |
||
| 215 |
_a[53] л. _cчерт. _d25х43 |
||
| 311 | _aПрил. к РТМ 31.031-72 "Судовые вспомогательные механизмы. Насосы шестеренные. Основные сменные детали и насосы в сборе. Технические требования" | ||
| 422 | 0 |
_12001#$aРТМ 31.031-72. Судовые вспомогательные механизмы. Насосы шестеренные. Основные сменные детали и насосы в сборе. Технические требования _tРТМ 31.031-72. Судовые вспомогательные механизмы. Насосы шестеренные. Основные сменные детали и насосы в сборе. Технические требования |
|
| 712 | 0 | 2 |
_aБалтийское центральное проектно-конструкторское бюро _cЛенинград _3RU\NLR\AUTH\8810070723 _9643192 |
| 801 | 0 |
_aRU _bNLR _gpsbo |
|
| 801 | 1 |
_aRU _bELAR _2rusmarc |
|
| 852 |
_aNLR _j74-10/33 |
||
| 942 | _cBOOK | ||
| 980 | _aNB | ||